004620000a2200169000450000500170000094200090001710000390002624500290006525000090009426000340010330000100013704000080014736500090015565000230016499900190018795200860020620120302064748.0 cBOOK a Yogananda (Paramahansa yogananda) a Autobiography of a yogi a 2nd aMumbai:Jaico publishing house a512p. aEng b70/- aAutobiography,yogi c363000d362997 00104070aIOSbIOSd2009-12-02l0pIOS-E 24054r2009-12-02 00:00:00w2009-12-02